000 00849nam a2200241 a 4500
001 000008005
003 DO-SdBNP
005 20250626120309.0
008 090914s2006 dr a 001 0 spa d
020 _a978949519323X
040 _aDO-SdBNP
_bspa
_cBNPHU
082 4 _axxxx
_bA452h
_222
100 1 _aAlmonte, Eléisida
_921882
245 1 0 _aSer humano y su contexto /
_cEléisida Almonte, Mirian Polanco.
260 _aSantiago de los Caballeros, República Dominicana :
_bUAPA,
_c2006.
300 _a117 p. :
_bil. ;
_c23 cm.
490 0 _aAutoaprendizaje
500 _aBibliografía : [p. 117]
500 _aIncluye referencias bibliográficas y notas al pie de las páginas
700 1 _aPolanco, Mirian
_921883
710 2 _aUniversidad Abierta para Adultos (Santiago de los Caballeros, Republica Dominicana)
_971401
942 _2ddc
_cLBS1
999 _c7782
_d7782